Statystyki dla Działania matematyczne #1

Kliknij tutaj aby rozwiązać quiz!

Ogólne statystyki

  • Ten quiz został rozwiązany 30 razy
  • Średni wynik to 12 z 15

Statystyki odpowiedzi

DziałanieWynik% Poprawnych
2*3876
100%
300/2512
96%
43-2617
96%
56/87
96%
85+48133
93%
30^2900
85%
32*9288
81%
192+349541
81%
2^664
81%
172/443
74%
144*3432
70%
18*590
70%
152/819
63%
243-78165
59%
3^481
59%

Rozkład punktacji

Percentyl według liczby udzielonych odpowiedzi

Procent ludzi z każdym wynikiem

Twoja historia wyników

Nie rozwiązałeś tego quizu